Ekonomickou aktivitou nepodmíněný příjem

Gespeichert in:
Bibliographische Detailangaben
1. Verfasser: Pospíšil, Zdeněk
Format: Buch
Sprache:Tschechisch
Veröffentlicht: Praha Nakladatelství Epocha 2023
Ausgabe:1. vydání
Schlagworte:
Tags: Tag hinzufügen
Keine Tags, Fügen Sie das erste Tag hinzu!

MARC

LEADER 00000nam a2200000 4500
001 0305491
005 20250602103040.8
020 |a 978-80-278-0124-4 
041 0 |a cze 
044 |a CZ 
245 1 0 |a Ekonomickou aktivitou nepodmíněný příjem  |c Zdeněk Pospíšil 
250 |a 1. vydání 
264 1 |a Praha  |b Nakladatelství Epocha  |c 2023 
300 |a 95 s. 
610 2 0 |a hospodárstvo národné 
610 2 0 |a príjmy 
610 2 0 |a majetok 
610 2 0 |a bohatstvo národné 
610 2 0 |a nerovnosť príjmová 
610 2 0 |a nerovnosť sociálna 
100 1 |a Pospíšil, Zdeněk